000 00629nam a2200133Ia 4500
008 170516s9999 xx 000 0 und d
245 4 _aThe importance of research collaboration has been recognised and strongly supported by research organisations and policy makers alike, and there has been a marked rise in international collaboration in numerous industries over the last three decades. The
260 _bJournal of Medical Radiation Sciences
260 _c2016
300 _a63:2
650 _xRadiologic Technology
650 _xRadtech
856 _uhttp://onlinelibrary.wiley.com/doi/10.1111/jmrs.2016.63.issue-2/issuetoc
999 _c332892
_d332892